<?xml version="1.0" encoding="UTF-8"?>
<record
    xmlns:xsi="http://www.w3.org/2001/XMLSchema-instance"
    xsi:schemaLocation="http://www.loc.gov/MARC21/slim http://www.loc.gov/standards/marcxml/schema/MARC21slim.xsd"
    xmlns="http://www.loc.gov/MARC21/slim">

  <leader>02285nam a22003734a 4500</leader>
  <controlfield tag="001">ebr10038971</controlfield>
  <controlfield tag="003">CaPaEBR</controlfield>
  <controlfield tag="006">m        u        </controlfield>
  <controlfield tag="007">cr cn|||||||||</controlfield>
  <controlfield tag="008">030501s2003    dcua    sb    001 0 eng  </controlfield>
  <datafield tag="010" ind1=" " ind2=" ">
    <subfield code="z">  2003052514</subfield>
  </datafield>
  <datafield tag="020" ind1=" " ind2=" ">
    <subfield code="z">0821354027</subfield>
  </datafield>
  <datafield tag="040" ind1=" " ind2=" ">
    <subfield code="a">CaPaEBR</subfield>
    <subfield code="c">CaPaEBR</subfield>
  </datafield>
  <datafield tag="035" ind1=" " ind2=" ">
    <subfield code="a">(OCoLC)70773469</subfield>
  </datafield>
  <datafield tag="050" ind1="1" ind2="4">
    <subfield code="a">HV5732</subfield>
    <subfield code="b">.T63 2003eb</subfield>
  </datafield>
  <datafield tag="082" ind1="0" ind2="4">
    <subfield code="a">362.29/66</subfield>
    <subfield code="2">21</subfield>
  </datafield>
  <datafield tag="245" ind1="0" ind2="0">
    <subfield code="a">Tobacco control policy</subfield>
    <subfield code="h">[electronic resource] :</subfield>
    <subfield code="b">strategies, successes, and setbacks /</subfield>
    <subfield code="c">edited by Joy de Beyer and Linda Waverley Brigden.</subfield>
  </datafield>
  <datafield tag="260" ind1=" " ind2=" ">
    <subfield code="a">Washington, D.C. :</subfield>
    <subfield code="b">World Bank :</subfield>
    <subfield code="b">Research for International Tobacco Control,</subfield>
    <subfield code="c">c2003.</subfield>
  </datafield>
  <datafield tag="300" ind1=" " ind2=" ">
    <subfield code="a">xviii, 189 p. :</subfield>
    <subfield code="b">ill.</subfield>
  </datafield>
  <datafield tag="504" ind1=" " ind2=" ">
    <subfield code="a">Includes bibliographical references and index.</subfield>
  </datafield>
  <datafield tag="505" ind1="0" ind2=" ">
    <subfield code="t">Overview /</subfield>
    <subfield code="r">Joy de Beyer and Linda Waverley Brigden --</subfield>
    <subfield code="t">Building momentum for tobacco control : the case of Bangladesh /</subfield>
    <subfield code="r">Debra Efroymson and Saifuddin Ahmed --</subfield>
    <subfield code="t">Government leadership in tobacco control : Brazil's experience /</subfield>
    <subfield code="r">Luisa M. da Costa e Silva Goldfarb --</subfield>
    <subfield code="t">Legislation and applied economics in the pursuit of public health : Canada /</subfield>
    <subfield code="r">David Sweanor and Ken Kyle --</subfield>
    <subfield code="t">Democracy and health : tobacco control in Poland /</subfield>
    <subfield code="r">Witold Zato&#xFFFD;nski --</subfield>
    <subfield code="t">Political change in South Africa : new tobacco control and public health policies /</subfield>
    <subfield code="r">Mia Malan and Rosemary Leaver --</subfield>
    <subfield code="t">Tailoring tobacco control efforts to the country : the example of Thailand /</subfield>
    <subfield code="r">Prakit Vateesatokit.</subfield>
  </datafield>
  <datafield tag="533" ind1=" " ind2=" ">
    <subfield code="a">Electronic reproduction.</subfield>
    <subfield code="b">Palo Alto, Calif. :</subfield>
    <subfield code="c">ebrary,</subfield>
    <subfield code="d">2013.</subfield>
    <subfield code="n">Available via World Wide Web.</subfield>
    <subfield code="n">Access may be limited to ebrary affiliated libraries.</subfield>
  </datafield>
  <datafield tag="650" ind1=" " ind2="0">
    <subfield code="a">Tobacco use</subfield>
    <subfield code="x">Government policy</subfield>
    <subfield code="v">Case studies.</subfield>
  </datafield>
  <datafield tag="650" ind1=" " ind2="0">
    <subfield code="a">Tobacco use</subfield>
    <subfield code="x">Prevention</subfield>
    <subfield code="x">Government policy</subfield>
    <subfield code="v">Case studies.</subfield>
  </datafield>
  <datafield tag="650" ind1=" " ind2="0">
    <subfield code="a">Tobacco use</subfield>
    <subfield code="x">Prevention</subfield>
    <subfield code="x">Evaluation</subfield>
    <subfield code="v">Case studies.</subfield>
  </datafield>
  <datafield tag="650" ind1=" " ind2="0">
    <subfield code="a">Smoking</subfield>
    <subfield code="x">Government policy</subfield>
    <subfield code="v">Case studies.</subfield>
  </datafield>
  <datafield tag="650" ind1=" " ind2="0">
    <subfield code="a">Smoking</subfield>
    <subfield code="x">Prevention</subfield>
    <subfield code="x">Government policy</subfield>
    <subfield code="v">Case studies.</subfield>
  </datafield>
  <datafield tag="650" ind1=" " ind2="0">
    <subfield code="a">Smoking</subfield>
    <subfield code="x">Prevention</subfield>
    <subfield code="x">Evaluation</subfield>
    <subfield code="v">Case studies.</subfield>
  </datafield>
  <datafield tag="655" ind1=" " ind2="7">
    <subfield code="a">Electronic books.</subfield>
    <subfield code="2">local</subfield>
  </datafield>
  <datafield tag="700" ind1="1" ind2=" ">
    <subfield code="a">De Beyer, Joy.</subfield>
  </datafield>
  <datafield tag="700" ind1="1" ind2=" ">
    <subfield code="a">Brigden, Linda Waverley,</subfield>
    <subfield code="d">1946-</subfield>
  </datafield>
  <datafield tag="710" ind1="2" ind2=" ">
    <subfield code="a">ebrary, Inc.</subfield>
  </datafield>
  <datafield tag="856" ind1="4" ind2="0">
    <subfield code="u">http://site.ebrary.com/lib/rucke/Doc?id=10038971</subfield>
    <subfield code="z">An electronic book accessible through the World Wide Web; click to view</subfield>
  </datafield>
  <datafield tag="999" ind1=" " ind2=" ">
    <subfield code="c">58106</subfield>
    <subfield code="d">58106</subfield>
  </datafield>
</record>
